000 01049cab a2200313 4500
001 WB3240-09
008 090401t1996 xxu||||| |||| 00| 0 eng d
035 _a(Sirsi) u33824
041 _aeng
245 _aSurvey: large corporate properties
260 _c1996
350 _a0
490 _aFinancial Times
_v25 October 1996, 16-17(2)
520 _aArticles include redevelopment of Hobart House, London. The use of out of town sites to accommodate large office users. Surplus office space. The use of space planning in office design.
650 _aBUILT ENVIRONMENT-CONSTRUCTION DESIGN
650 _aBUSINESS PARKS
650 _aCAPITAL GROWTH
650 _aGROSVENOR ESTATES
650 _aHOBART HOUSE
650 _aIPD MONTHLY INDEX
650 _aMINERVA
650 _aPROPERTY-COMMERCIAL PROPERTY-OFFICE PROPERTY-OFFICE PROPERTY MARKET
650 _aOUT-OF-TOWN DEVELOPMENTS
650 _aPROPERTY HOLDINGS
650 _aSPACE PLANNING
690 _aPROPERTY-COMMERCIAL PROPERTY
942 _n0
948 _c04/03/1997
999 _c22514
_d22514